[Event "Brody Bryvko Memorial 2nd"]
[Site "Brody"]
[Date "2022.12.11"]
[Round "5"]
[White "Moldavsky, Roman S"]
[Black "Perevorska, Oleksandra"]
[Result "1-0"]
[WhiteElo "2190"]
[BlackElo "1356"]
[PlyCount "129"]
[EventDate "2022.12.11"]
[EventType "swiss (blitz)"]
[EventRounds "9"]
[EventCountry "UKR"]
[SourceTitle "CBM 211 Extra"]
[Source "ChessBase"]
[SourceDate "2023.01.31"]
[SourceVersion "1"]
[SourceVersionDate "2023.01.31"]
[SourceQuality "1"]

1. e4 c6 2. d4 d5 3. Nc3 dxe4 4. Nxe4 Nf6 5. Nxf6+ exf6 6. Nf3 Bd6 7. Be2 0-0 8. 0-0 Bf5 9. Be3 Nd7 10. h3 Qc7 11. Bd3 Bg6 12. Re1 c5 13. dxc5 Bxc5 14. Bxc5 Nxc5 15. Bxg6 hxg6 16. Qd4 Ne6 17. Qa4 Qb6 18. Qb3 Qc6 19. Rad1 Rad8 20. c3 Nf4 21. Kh2 Qc7 22. g3 Nd3 23. Re2 Ne5 24. Nd4 Rfe8 25. Kg2 b6 26. Re3 Qb7+ 27. Kg1 Qc8 28. Kh2 Nc4 29. Rxe8+ Rxe8 30. Qb5 Kh7 31. b3 Nd6 32. Qd5 Qc7 33. c4 Re5 34. Qf3 Rh5 35. Qf4 Ne8 36. Qxc7 Nxc7 37. Nf3 Ne6 38. Rd7 Ra5 39. a4 Kg8 40. Rd2 Ra6 41. Nd4 Nc5 42. Rd1 Kh7 43. Rd2 Kg8 44. Kg2 Kh7 45. Kf3 Kg8 46. Ra2 Nd3 47. Nc6 Ne5+ 48. Nxe5 fxe5 49. b4 b5 50. cxb5 Rf6+ 51. Ke3 Kf8 52. Rc2 Ke8 53. Rc7 a6 54. bxa6 Rxa6 55. a5 Ra8 56. Rc5 f6 57. Rc7 Kf8 58. Kd3 g5 59. Rc6 f5 60. a6 e4+ 61. Ke3 Ke7 62. b5 Rd8 63. a7 Rd3+ 64. Ke2 Ra3 65. Ra6 1-0